Guess The Next Letter (Alphabetically) - Statistics

General Stats
  • This quiz has been taken 32 times
  • The average score is 20 of 26
Answer Stats
Hint Answer % Correct
g h
96%
a b
92%
c d
92%
q r
92%
y z
92%
f g
88%
h i
83%
p q
83%
x y
83%
b c
79%
i j
79%
r s
79%
w x
79%
d e
75%
j k
75%
k l
75%
n o
75%
o p
75%
e f
71%
l m
71%
m n
71%
s t
71%
t u
71%
u v
71%
v w
71%
z a
58%
No matching quizzes found
Score Distribution
Percent of People with Each Score
Percentile by Number Answered
Your Score History
You have not taken this quiz